000 00954 a2200169 4500
003 NUST
005 20221107180538.0
040 _cNust
082 _a511.43,TAY
100 _aTaylor, John R
_978568
245 _aAn introduction to error analysis :
_bthe study of uncertainties in physical measurements /
_cJohn R.Taylor
260 _aCalifornia
_bUniversity science books
_c1980
300 _aix,272 p.:
505 _a1.Preliminary description of error analysis(Page-1), How to report and use uncertainties(Page-13), propagation of uncertainties(Page-55), Statistical analysis of random uncertainties(Page-106), The normal distribution(Page-126), Rejection of data(Page-184), Weighted averages (Page-193), Least -squares fit to a straight line(Page-198), Covariance(Page-216), The binomial distribution(Page-236), The Poisson distribution(Page-250),Tables and bibliography(page 262).
650 _aError analysis
_9102448
942 _2ddc
_cBK
_k511.43,TAY
999 _c206126
_d206126